000 00447nam a2200181Ia 4500
008 230711s9999||||xx |||||||||||||| ||und||
020 _a978-81-315-1851-9
041 _aENG
082 _a658
_bZI-B
100 _aZikmund,William G
245 0 _aBusiness research methodology
250 _a1st Ed.
260 _c2012
_aDelhi
_bCengage Learning
300 _a750
650 _aUNIVESITY BUSNIESS SCHOOL
700 _aBabin,Barry J
942 _cBK
999 _c5604
_d5604